书目信息 |
| 书名: | Things Worth Remembering | |
| 作者: | Jackina Stark | |
| 分册号: | ||
| 分册名: | 出版地: | America |
|
| 出版社: | Bethany House Publishers | |
| 出版时间: | 2009 | |
| 页数: | 316p | |
| 开本: | 24cm | |
| 丛书名: | ||
| 中图分类号: | ||
| 科图分类号: | ||
| 其他分类号: | I712.4 | |
| 主题词: | ||
| 电子资源: | ||
| 000 | 00400nam0 2200145 450 | |
| 001 | 202012003006 | |
| 005 | 20121202103929.0 | |
| 008 | 12120201s | |
| 020 | @a9780764207112@c$13.99 | |
| 099 | @dI712.4@eJ123 | |
| 245 | 10 | @aThings Worth Remembering@cJackina Stark |
| 260 | 0 | @aAmerica@bBethany House Publishers@c2009 |
| 300 | @a316p@c24cm | |
| 905 | @b14066-7 | |
| 905 | @aTSG@dI712.4@eJ123 | |
| Things Worth Remembering / Jackina Stark .-America : Bethany House Publishers , 2009 |
| 316p ; 24cm |
| ISBN 9780764207112$13.99 |
| ● |
| 相关链接 |
|
|
|
正题名:Things Worth Remembering
索取号:I712.4/J123
 
预约/预借
| 序号 | 登录号 | 条形码 | 馆藏地/架位号 | 状态 | 备注 |
| 1 | 14066 | 300140666 | 文学库116/400A自科库 19排1列2层/ [索取号:I712.4/J123] | 在馆 | |
| 2 | 14067 | 300140675 | 文学库116/400A自科库 19排1列2层/ [索取号:I712.4/J123] | 在馆 |